| 000 | 00432 a2200145 4500 | ||
|---|---|---|---|
| 999 |
_c932 _d932 |
||
| 020 | _a00000 | ||
| 050 | _aR847.A22 ABB 1980 | ||
| 100 | _aAbbatt, F.R. | ||
| 245 |
_aTeaching for better learning _ba guide for teachers of primary health care staff _cF.R. Abbatt |
||
| 264 |
_aGeneva _bWorld Health Organisation _c1980 |
||
| 300 | _a137p. | ||
| 500 | _ahealth care | ||
| 650 | _aHealth Care | ||
| 942 |
_2olc _cBK _h847.A22 _iABB _kR |
||